Введение в тензорное исчисление, учеб. пособие

Dades bibliogràfiques
Autor principal: Матвеев К. А.
Sumari:Утверждено Редакционно-издательским советом университета в качестве учебного пособия
Изложены основы тензорной алгебры и тензорного анализа в объеме, необходимом для изучения курса «Механика сплошных сред». Последовательно используется представление о тензорах как об объектах, непосредственно фигурирующих в уравнениях механики. Работа подготовлена на кафедре прочности летательных аппаратов для магистрантов, обучающихся по направлению 15.04.03 - прикладная механика (профиль – динамика и прочность машин)
Книга из коллекции НГТУ - Математика
Publicat: Новосибирск, НГТУ, 2016
Edició:2-е изд., испр.
Matèries:
Accés en línia:https://e.lanbook.com/book/118317
https://e.lanbook.com/img/cover/book/118317.jpg
Format: Electrònic Llibre

MARC

LEADER 00000nam0a2200000 i 4500
001 RU-LAN-BOOK-118317
010 |a 978-5-7782-3092-7 
100 |a 20250516d2016 k y0rusy01020304ca 
101 0 |a rus 
102 |a RU 
105 |a y j 000zy 
106 |a z 
200 1 |a Введение в тензорное исчисление  |b Электронный ресурс  |f Матвеев К. А.  |e учеб. пособие 
205 |a 2-е изд., испр. 
210 |a Новосибирск  |b Новосибирск  |c НГТУ  |d 2016 
215 |a 64 с. 
300 |a Утверждено Редакционно-издательским советом университета в качестве учебного пособия 
330 |a Изложены основы тензорной алгебры и тензорного анализа в объеме, необходимом для изучения курса «Механика сплошных сред». Последовательно используется представление о тензорах как об объектах, непосредственно фигурирующих в уравнениях механики. Работа подготовлена на кафедре прочности летательных аппаратов для магистрантов, обучающихся по направлению 15.04.03 - прикладная механика (профиль – динамика и прочность машин) 
333 |a Книга из коллекции НГТУ - Математика 
610 0 |a тензорное исчисление 
610 0 |a преобразование координат 
610 0 |a скалярная функция 
610 0 |a инвариантность 
610 0 |a вектор 
610 0 |a тензор 
610 0 |a декартова система координат 
610 0 |a косоугольная система координат 
610 0 |a криволинейная система координат 
610 0 |a алгебра тензоров 
610 0 |a тензоры второго ранга 
675 |a 514.743.4(075.8) 
700 1 |a Матвеев  |b К. А. 
801 1 |a RU  |b Издательство Лань  |c 20250516  |g RCR 
856 4 |u https://e.lanbook.com/book/118317 
856 4 1 |u https://e.lanbook.com/img/cover/book/118317.jpg 
953 |a https://e.lanbook.com/img/cover/book/118317.jpg